000 00459nam a2200169 i 4500
001 62202
003 ES-MaACL
005 20230906164626.0
007 t|
008 031118s1928 it ||||1| ita d
100 1 _aFermi, Enrico.
_949306
245 1 0 _aIntroduzione alla fisica atómica /
_cEurico Fermi.
260 _aBologna :
_bNicola Zanichelli,
_c1928.
300 _a330 p. ;
_c24 cm.
650 0 4 _aFísica nuclear.
_912888
852 _aES-MaACL
_jA-1342
999 _c62202
_d62202